000 01639cam a2200433 a 4500
001 1198893
003 OSt
005 20140310184420.0
008 980629s1998 nyua c 000 0aeng
010 _a 98029215
020 _a0439086507
040 _aDLC
_cDLC
_dDLC
042 _alcac
043 _an-us---
_aa-cc---
_aa-np---
050 0 0 _aGV 199.92.P495
_b.P528 1999
100 1 _aPfetzer, Mark.
_926630
245 1 0 _aWithin reach :
_bmy Everest story /
_cMark Pfetzer and Jack Galvin.
246 3 0 _aMy Everest story
250 _a1st ed.
260 _aNew York :
_bscholastic
_c1999
300 _a224 p. :
_bcol. ill. ;
_c19 cm.
520 _aThe author describes how he spent his teenage years climbing mountains in the United States, South America, Africa, and Asia, with an emphasis on his two expeditions up Mount Everest.
521 _aG8
526 _c970
562 _e1
600 1 0 _aPfetzer, Mark
_xJuvenile literature.
_926631
600 1 1 _aPfetzer, Mark.
_926632
650 0 _aMountaineers
_zUnited States
_xBiography
_xJuvenile literature.
_926633
650 0 _aMountaineering
_zEverest, Mount (China and Nepal)
_xJuvenile literature.
_926634
650 0 _aYouths' writings, American.
_926635
650 1 _aMountaineers.
_926636
650 1 _aYouths' writings.
_99994
651 1 _aEverest, Mount (China and Nepal)
_913653
700 1 _aGalvin, Jack.
_926637
906 _a7
_bcbc
_corignew
_d1
_eocip
_f19
_gy-gencatlg
942 _2lcc
_cBK-SCHOLAS
999 _c34217
_d34217